[Event "FIDE Open World Blitz 2021"]
[Site "Warsaw"]
[Date "2021.12.29"]
[Round "7.32"]
[White "Gdanski, Jacek"]
[Black "Aditya, Mittal"]
[Result "1-0"]
[WhiteElo "2367"]
[BlackElo "2245"]
[Annotator "NA"]
[PlyCount "73"]
[EventDate "2021.12.29"]
[EventType "swiss"]
[EventCountry "POL"]
[Tiebreak "Cut1 Buchholz"]
[SourceTitle "playchess.com"]
[Source "ChessBase"]
[SourceQuality "1"]

1. e4 c5 2. Nc3 d6 3. f4 g6 4. Nf3 Bg7 5. Bc4 Nc6 6. O-O e6 7. d3 Nge7 8. Qe1
h6 9. Bb3 Nd4 10. Nxd4 cxd4 11. Ne2 O-O 12. Bd2 b6 13. c3 dxc3 14. Bxc3 d5 15.
Bxg7 Kxg7 16. Kh1 Ba6 17. Rd1 Rc8 18. Ng3 Re8 19. Qf2 f5 20. Qd4+ Kf7 21. Rfe1
Nc6 22. Qa4 Bb7 23. exf5 gxf5 24. d4 Qd6 25. Bc2 Rg8 26. Qb3 Rg4 27. Nxf5 exf5
28. Bxf5 Rxf4 29. Bxc8 Bxc8 30. Rf1 Be6 31. Qe3 Rxf1+ 32. Rxf1+ Kg7 33. Rf3 Bf7
34. h3 Qe6 35. Rg3+ Kf8 36. Qf4 Ke7 37. Re3 1-0

[Event "FIDE Open World Blitz 2021"]
[Site "Warsaw"]
[Date "2021.12.29"]
[Round "7.33"]
[White "Matlakov, Maxim"]
[Black "Kosakowski, Jakub"]
[Result "1-0"]
[WhiteElo "2614"]
[BlackElo "2340"]
[Annotator "ChessBase"]
[PlyCount "93"]
[EventDate "2021.12.29"]
[EventType "swiss"]
[EventCountry "POL"]
[Tiebreak "Cut1 Buchholz"]
[SourceTitle "playchess.com"]
[Source "ChessBase"]
[SourceQuality "1"]

1. d4 Nf6 2. c4 e6 3. Nf3 c5 4. e3 d5 5. cxd5 exd5 6. Bb5+ Bd7 7. Bxd7+ Nbxd7
8. dxc5 Nxc5 9. O-O Be7 10. b3 O-O 11. Nc3 Rc8 12. Bb2 Ne6 13. Nb5 Qa5 14. Nbd4
Ba3 15. Qe2 Bxb2 16. Qxb2 Nc5 17. Nf5 Qd8 18. Rfd1 Re8 19. Rac1 Qd7 20. N3d4
Nce4 21. Qa3 Rxc1 22. Rxc1 g6 23. Ng3 Rc8 24. Nge2 a6 25. f3 Rxc1+ 26. Qxc1 Nd6
27. Kf2 Kg7 28. Qb2 Qe7 29. Nf4 Kg8 30. Qc2 h5 31. a4 Kg7 32. Qb2 Kg8 33. Qc2
Kg7 34. Qc1 Qe5 35. h3 Nf5 36. Nxf5+ Qxf5 37. Qc7 g5 38. Ne2 Kg6 39. Nd4 Qd3
40. Qxb7 g4 41. hxg4 hxg4 42. Qc7 Qd2+ 43. Ne2 Nh5 44. fxg4 Nf6 45. Kf3 Qe1 46.
Nf4+ Kh6 47. g5+ 1-0

[Event "FIDE Open World Blitz 2021"]
[Site "Warsaw"]
[Date "2021.12.29"]
[Round "7.33"]
[White "Masternak, Grzegorz"]
[Black "Bellahcene, Bilel"]
[Result "0-1"]
[WhiteElo "2188"]
[BlackElo "2528"]
[Annotator "ChessBase"]
[PlyCount "108"]
[EventDate "2021.12.29"]
[EventType "swiss"]
[EventCountry "POL"]
[Tiebreak "Cut1 Buchholz"]
[SourceTitle "playchess.com"]
[Source "ChessBase"]
[SourceQuality "1"]

1. e4 c5 2. Nc3 a6 3. g3 b5 4. Bg2 Bb7 5. d3 e6 6. f4 b4 7. Nce2 d5 8. e5 Ne7
9. Nf3 h5 10. h3 Nbc6 11. Be3 Nf5 12. Bf2 Be7 13. O-O a5 14. c3 Ba6 15. Re1 Qd7
16. Qd2 a4 17. Rac1 a3 18. bxa3 bxa3 19. Rb1 Qc7 20. Bf1 Nh6 21. d4 Na5 22. Nc1
Bxf1 23. Rxf1 Nc4 24. Qe2 Nf5 25. Nd3 cxd4 26. cxd4 h4 27. g4 Ng3 28. Bxg3 hxg3
29. Kg2 O-O 30. Kxg3 Qd7 31. Kg2 Rab8 32. Nd2 Qa4 33. Nb3 Rfc8 34. f5 Bg5 35.
Kg3 Ne3 36. Rfc1 exf5 37. gxf5 Nxf5+ 38. Kg4 Bxc1 39. Kxf5 Bh6 40. Ndc5 Qc6 41.
e6 Re8 42. Re1 Re7 43. Kg4 fxe6 44. Qe5 Rf8 45. Nxe6 Rf6 46. Nbc5 Qe8 47. Qxd5
Kh8 48. Qh5 Rg6+ 49. Kf3 Rg3+ 50. Kxg3 Qxh5 51. Re5 Qg6+ 52. Kf2 Qc2+ 53. Kg3
Qxa2 54. d5 Qd2 0-1

[Event "FIDE Open World Blitz 2021"]
[Site "Warsaw"]
[Date "2021.12.29"]
[Round "7.34"]
[White "Blanco Acevedo, Cristobal Jose"]
[Black "Baum, Jonasz"]
[Result "1-0"]
[WhiteElo "2350"]
[BlackElo "2157"]
[Annotator "NA"]
[PlyCount "123"]
[EventDate "2021.12.29"]
[EventType "swiss"]
[EventCountry "POL"]
[Tiebreak "Cut1 Buchholz"]
[SourceTitle "playchess.com"]
[Source "ChessBase"]
[SourceQuality "1"]

1. d4 Nf6 2. c4 e6 3. Nf3 d5 4. Nc3 dxc4 5. e3 a6 6. Bxc4 b5 7. Be2 Bb7 8. a3
Nbd7 9. O-O c5 10. b3 Be7 11. Bb2 O-O 12. Qc2 Rc8 13. Rac1 b4 14. Na4 cxd4 15.
Qd3 dxe3 16. Qxe3 bxa3 17. Ba1 Qa5 18. Rcd1 Nd5 19. Qe4 Bf6 20. Nd4 Nc5 21.
Nxc5 Qxc5 22. Bd3 g6 23. b4 Qb6 24. Qg4 Bg7 25. h4 Nf6 26. Qg5 Be4 27. Be2 h6
28. Qf4 Bd5 29. h5 Nxh5 30. Bxh5 e5 31. Qg3 exd4 32. Be2 Bc4 33. Bxc4 Rxc4 34.
Qxa3 Rxb4 35. Rfe1 a5 36. Qd3 Qb5 37. Qf3 h5 38. Re4 Rb1 39. Ree1 Rxd1 40. Rxd1
Rd8 41. Qe4 Qd5 42. Qd3 a4 43. Qa6 Qd7 44. Qa5 d3 45. Bxg7 Kxg7 46. Rd2 Re8 47.
Qc3+ Re5 48. Qxe5+ Kh7 49. Qc3 Qb5 50. Qxd3 Qc5 51. Qd5 Qc1+ 52. Rd1 Qf4 53.
Qf3 Qc4 54. Rd7 Kg7 55. Qd3 Qc1+ 56. Qd1 Qc6 57. Qd4+ Kh6 58. Qh8+ Kg5 59. Qd8+
f6 60. Rd5+ Kg4 61. Qd7+ Qxd7 62. Rxd7 1-0

[Event "FIDE Open World Blitz 2021"]
[Site "Warsaw"]
[Date "2021.12.29"]
[Round "7.34"]
[White "Dudin, Gleb"]
[Black "Petrosian, Tigran L."]
[Result "0-1"]
[WhiteElo "2339"]
[BlackElo "2602"]
[Annotator "ChessBase"]
[PlyCount "74"]
[EventDate "2021.12.29"]
[EventType "swiss"]
[EventCountry "POL"]
[Tiebreak "Cut1 Buchholz"]
[SourceTitle "playchess.com"]
[Source "ChessBase"]
[SourceQuality "1"]

1. d4 d6 2. e4 g6 3. Nc3 Bg7 4. Be3 a6 5. Qd2 b5 6. O-O-O Bb7 7. f3 Nd7 8. h4
h6 9. Nh3 Rc8 10. h5 g5 11. Nf2 c5 12. Kb1 Qa5 13. g3 b4 14. Ne2 Nb6 15. Nc1 c4
16. c3 bxc3 17. Qxc3 Qxc3 18. bxc3 e6 19. f4 f5 20. fxg5 fxe4 21. Kc2 Nd5 22.
Kd2 hxg5 23. Nxe4 Nxe3 24. Kxe3 Bxe4 25. Kxe4 Nf6+ 26. Ke3 g4 27. Ne2 Bh6+ 28.
Kf2 O-O 29. Kg2 Ne4 30. Nf4 Bxf4 31. gxf4 Rxf4 32. Rh4 d5 33. Rc1 Rb8 34. Rc2
Rb1 35. Rh1 a5 36. h6 Kh7 37. a4 Rf3 0-1

[Event "FIDE Open World Blitz 2021"]
[Site "Warsaw"]
[Date "2021.12.29"]
[Round "7.35"]
[White "Saraci, Nderim"]
[Black "Durarbayli, Vasif"]
[Result "1-0"]
[WhiteElo "2486"]
[BlackElo "2599"]
[Annotator "ChessBase"]
[PlyCount "63"]
[EventDate "2021.12.29"]
[EventType "swiss"]
[EventCountry "POL"]
[Tiebreak "Cut1 Buchholz"]
[SourceTitle "playchess.com"]
[Source "ChessBase"]
[SourceQuality "1"]

1. Nf3 Nf6 2. b3 g6 3. Bb2 Bg7 4. e3 O-O 5. d4 d6 6. Be2 e5 7. dxe5 Ng4 8. O-O
Nc6 9. c4 Ngxe5 10. Nc3 a5 11. Qd2 Nxf3+ 12. Bxf3 Be6 13. Rfd1 Re8 14. Rac1 h5
15. Nd5 Ne5 16. Be2 a4 17. Bc3 axb3 18. axb3 Bf5 19. Qb2 Qb8 20. f4 c6 21. Nb6
Ra6 22. c5 dxc5 23. Bxa6 bxa6 24. Na4 Ng4 25. Bxg7 Nxe3 26. Re1 Qxf4 27. Bc3
Bh3 28. Qf2 Qg5 29. Qg3 Qxg3 30. hxg3 Bxg2 31. Kf2 Ng4+ 32. Kxg2 1-0

[Event "FIDE Open World Blitz 2021"]
[Site "Warsaw"]
[Date "2021.12.29"]
[Round "7.35"]
[White "Laith, Kasib"]
[Black "Kuzmicz, Krystian"]
[Result "0-1"]
[WhiteElo "2010"]
[BlackElo "2281"]
[Annotator "NA"]
[PlyCount "55"]
[EventDate "2021.12.29"]
[EventType "swiss"]
[EventCountry "POL"]
[Tiebreak "Cut1 Buchholz"]
[SourceTitle "playchess.com"]
[Source "ChessBase"]
[SourceQuality "1"]

1. Nf3 g6 2. g3 Bg7 3. Bg2 e5 4. d3 d6 5. O-O f5 6. e4 Nf6 7. Nbd2 Nc6 8. c3
O-O 9. b4 h6 10. Re1 f4 11. b5 Ne7 12. d4 exd4 13. cxd4 Nh5 14. Bb2 Kh8 15. Qe2
Be6 16. e5 d5 17. Nb3 b6 18. Nh4 Qe8 19. g4 f3 20. Bxf3 Nf4 21. Qe3 g5 22. Ng2
Neg6 23. Bd1 Qxb5 24. Nd2 Qxb2 25. Bf3 Qb5 26. Rab1 Qd7 27. Rbc1 Bxg4 28. Rc3
0-1

[Event "FIDE Open World Blitz 2021"]
[Site "Warsaw"]
[Date "2021.12.29"]
[Round "7.36"]
[White "Faizrakhmanov, Ramil"]
[Black "Cheparinov, Ivan"]
[Result "0-1"]
[WhiteElo "2396"]
[BlackElo "2594"]
[Annotator "ChessBase"]
[PlyCount "65"]
[EventDate "2021.12.29"]
[EventType "swiss"]
[EventCountry "POL"]
[Tiebreak "Cut1 Buchholz"]
[SourceTitle "playchess.com"]
[Source "ChessBase"]
[SourceQuality "1"]

1. d4 Nf6 2. c4 e6 3. Nf3 d5 4. Nc3 c6 5. e3 Nbd7 6. Qc2 Bd6 7. b3 O-O 8. Be2
b6 9. Bb2 Bb7 10. O-O Rc8 11. Rad1 c5 12. dxc5 Nxc5 13. cxd5 Nce4 14. Qd3 Nxc3
15. Bxc3 Nxd5 16. Bb2 Bb4 17. Rc1 Nc3 18. Bxc3 Qxd3 19. Bxd3 Bxc3 20. Rfd1 Bf6
21. Kf1 Rfd8 22. Ke2 Kf8 23. Bc4 Rxd1 24. Rxd1 Ke7 25. g3 Rc5 26. Nd4 a6 27. a4
g5 28. g4 h5 29. gxh5 g4 30. Rg1 b5 31. axb5 axb5 32. Nxb5 Bf3+ 33. Kd2 0-1

[Event "FIDE Open World Blitz 2021"]
[Site "Warsaw"]
[Date "2021.12.29"]
[Round "7.36"]
[White "Yunusov, Mukhammad"]
[Black "Lopusiewicz, Piotr"]
[Result "1/2-1/2"]
[WhiteElo "1874"]
[BlackElo "2279"]
[Annotator "NA"]
[PlyCount "186"]
[EventDate "2021.12.29"]
[EventType "swiss"]
[EventCountry "POL"]
[Tiebreak "Cut1 Buchholz"]
[SourceTitle "playchess.com"]
[Source "ChessBase"]
[SourceQuality "1"]

1. d4 Nf6 2. Nf3 d5 3. Bf4 c5 4. e3 Nc6 5. Nbd2 cxd4 6. exd4 Bf5 7. c3 e6 8.
Qb3 Bd6 9. Bg3 Bxg3 10. hxg3 O-O 11. Be2 Rb8 12. a4 h6 13. O-O Qc7 14. Rfe1
Rfe8 15. Bb5 a6 16. Bf1 Nd7 17. Nh4 Bh7 18. f4 g5 19. fxg5 hxg5 20. Nhf3 Qxg3
21. Qd1 f6 22. b4 Kg7 23. b5 Nd8 24. Re2 axb5 25. axb5 Bg6 26. Qe1 Qd6 27. g3
Bh5 28. Rh2 Bg4 29. Bd3 Bf5 30. Bxf5 exf5 31. Qf2 Ne6 32. Kg2 Rh8 33. Rxh8 Rxh8
34. c4 dxc4 35. Nxc4 Qd5 36. Ne3 Qe4 37. Kg1 g4 38. Nh4 Rxh4 39. Nxf5+ Kh7 40.
Nxh4 Nxd4 41. Re1 Qd5 42. Re7+ Kg8 43. Re1 Ne5 44. Ra1 Ndf3+ 45. Nxf3 Nxf3+ 46.
Kf1 Qxb5+ 47. Qe2 Qxe2+ 48. Kxe2 Kf7 49. Ra7 Kg6 50. Rxb7 Nd4+ 51. Kf2 f5 52.
Rb8 Ne6 53. Rb6 Kf6 54. Ke3 Ke5 55. Rb5+ Kf6 56. Ra5 Kg6 57. Kd3 Kf6 58. Ke3
Kf7 59. Ra8 Kf6 60. Ra6 Ke5 61. Ra5+ Kf6 62. Rd5 Kg6 63. Rd1 Kf6 64. Rf1 Ke5
65. Kd3 Nc5+ 66. Ke3 Ne4 67. Rg1 Nd6 68. Kf2 Ke4 69. Re1+ Kd5 70. Re7 Kd4 71.
Kg2 Kd5 72. Re1 Kd4 73. Rd1+ Ke5 74. Re1+ Ne4 75. Ra1 Ke6 76. Ra6+ Ke5 77. Ra5+
Ke6 78. Ra8 Nd6 79. Rh8 Nc4 80. Rh6+ Ke5 81. Rh5 Ke4 82. Rh8 Nd2 83. Re8+ Kd4
84. Kf2 Ne4+ 85. Kg2 Nd6 86. Re1 Ne4 87. Rf1 Ke5 88. Ra1 Nd6 89. Ra3 Ne4 90.
Kf1 Ng5 91. Kf2 Ne6 92. Ke3 Kf6 93. Ra6 Ke5 1/2-1/2

[Event "FIDE Open World Blitz 2021"]
[Site "Warsaw"]
[Date "2021.12.29"]
[Round "7.37"]
[White "Demidov, Mikhail"]
[Black "Asadli, Vugar"]
[Result "1-0"]
[WhiteElo "2592"]
[BlackElo "2386"]
[Annotator "ChessBase"]
[PlyCount "163"]
[EventDate "2021.12.29"]
[EventType "swiss"]
[EventCountry "POL"]
[Tiebreak "Cut1 Buchholz"]
[SourceTitle "playchess.com"]
[Source "ChessBase"]
[SourceQuality "1"]

1. Nf3 g6 2. g3 Bg7 3. Bg2 e5 4. d3 Ne7 5. O-O O-O 6. c4 c6 7. Nc3 d5 8. cxd5
cxd5 9. Bg5 Nbc6 10. Qd2 Be6 11. Rfc1 Qd7 12. Bh6 f6 13. Bxg7 Kxg7 14. e3 Rac8
15. Na4 b6 16. Nc3 Rfd8 17. Ne2 Rc7 18. d4 e4 19. Ne1 g5 20. Rc3 Rdc8 21. Rac1
Nd8 22. Rxc7 Rxc7 23. Rxc7 Qxc7 24. Qc3 Qd6 25. Nc2 Ndc6 26. Qd2 b5 27. Nc1 h5
28. Nb3 h4 29. Nc5 Bc8 30. Nb4 Ne5 31. dxe5 Qxc5 32. exf6+ Kxf6 33. Nc2 hxg3
34. hxg3 Nc6 35. Bf1 b4 36. a3 a5 37. axb4 axb4 38. Nd4 Ne5 39. Be2 g4 40. Kg2
Nf3 41. Qd1 Qc7 42. Bxf3 gxf3+ 43. Kg1 Qc4 44. Nc2 Ba6 45. Qd4+ Ke7 46. Qxc4
dxc4 47. Nxb4 Bc8 48. Kf1 Kd6 49. Ke1 Kc5 50. Na2 Bf5 51. Kd2 Be6 52. Kc3 Bd5
53. Nb4 Be6 54. Nc2 Bd7 55. Nd4 Bc8 56. Nc2 Bd7 57. Na3 Be6 58. g4 Bxg4 59.
Nxc4 Bc8 60. Nd2 Kd5 61. b3 Ba6 62. b4 Be2 63. Nb3 Bd3 64. Nd4 Bf1 65. Nf5 Bd3
66. Ne7+ Kd6 67. Ng6 Ba6 68. Kd4 Bb7 69. Ne5 Ba8 70. Nc4+ Ke6 71. b5 Kf5 72.
Nd6+ Kg4 73. Nxe4 Kh3 74. Nc3 Kg2 75. Nd1 Kf1 76. b6 Ke2 77. e4 Kxd1 78. Ke3
Kc2 79. e5 Bd5 80. e6 Kc3 81. e7 Bc6 82. b7 1-0

[Event "FIDE Open World Blitz 2021"]
[Site "Warsaw"]
[Date "2021.12.29"]
[Round "7.37"]
[White "Gluszko, Tomasz"]
[Black "Sallam, Sabri Abdul-Mawla"]
[Result "1/2-1/2"]
[WhiteElo "2086"]
[BlackElo "2194"]
[Annotator "NA"]
[PlyCount "132"]
[EventDate "2021.12.29"]
[EventType "swiss"]
[EventCountry "POL"]
[Tiebreak "Cut1 Buchholz"]
[SourceTitle "playchess.com"]
[Source "ChessBase"]
[SourceQuality "1"]

1. d4 d5 2. Nf3 Nf6 3. g3 c6 4. Bg2 Bf5 5. O-O Nbd7 6. c4 e6 7. b3 Bd6 8. Bb2
O-O 9. Nc3 Re8 10. Rc1 Ne4 11. Nxe4 Bxe4 12. Qd2 Qe7 13. Rfd1 Rad8 14. Qe3 h6
15. Ne5 Bxg2 16. Kxg2 Nxe5 17. dxe5 Bc5 18. Bd4 Bxd4 19. Rxd4 c5 20. Rg4 Kh7
21. cxd5 Rxd5 22. Rgc4 b6 23. f4 Red8 24. Qe4+ g6 25. R1c2 Qd7 26. b4 Rd1 27.
Rc1 Rxc1 28. Rxc1 cxb4 29. Rc4 a5 30. Kh3 Qd5 31. Qxd5 Rxd5 32. Rc6 Rb5 33. Kg2
a4 34. Rc2 b3 35. axb3 Rxb3 36. Kf2 a3 37. Ra2 b5 38. Ke1 b4 39. Kd1 Kg7 40.
Kc2 Re3 41. Kd2 Rb3 42. Kc2 Re3 43. Kd2 Rc3 44. e4 g5 45. f5 exf5 46. exf5 f6
47. e6 Rc5 48. g4 h5 49. h3 hxg4 50. hxg4 Rc4 51. Kd3 Rxg4 52. Re2 Rg3+ 53. Kc4
Rg4+ 54. Kb3 Kf8 55. e7+ Ke8 56. Re6 Rf4 57. Rxf6 Kxe7 58. Re6+ Kf7 59. Rb6 g4
60. Rg6 Rxf5 61. Rxg4 Rb5 62. Rf4+ Ke6 63. Rd4 Ke5 64. Rd8 Rd5 65. Re8+ Kd4 66.
Kxb4 a2 1/2-1/2

[Event "FIDE Open World Blitz 2021"]
[Site "Warsaw"]
[Date "2021.12.29"]
[Round "7.38"]
[White "Sargissian, Gabriel"]
[Black "Thybo, Jesper Sondergaard"]
[Result "1-0"]
[WhiteElo "2664"]
[BlackElo "2195"]
[Annotator "ChessBase"]
[PlyCount "125"]
[EventDate "2021.12.29"]
[EventType "swiss"]
[EventCountry "POL"]
[Tiebreak "Cut1 Buchholz"]
[SourceTitle "playchess.com"]
[Source "ChessBase"]
[SourceQuality "1"]

1. d4 Nf6 2. c4 g6 3. Nc3 d5 4. cxd5 Nxd5 5. e4 Nxc3 6. bxc3 Bg7 7. Nf3 c5 8.
Bb5+ Bd7 9. Bxd7+ Nxd7 10. O-O O-O 11. Rb1 b6 12. e5 e6 13. h4 h6 14. Qe2 Nb8
15. Qe4 Qd5 16. Qxd5 exd5 17. dxc5 Nd7 18. Rd1 Nxc5 19. Rxd5 Na4 20. Bd2 Rac8
21. Rd7 Nxc3 22. Bxc3 Rxc3 23. Rxa7 Re8 24. Rxb6 Bxe5 25. Nxe5 Rxe5 26. Rf6 Rf5
27. Raxf7 Rxf6 28. Rxf6 Kg7 29. Rf3 Rc1+ 30. Kh2 Rc2 31. a3 Ra2 32. g3 g5 33.
h5 Ra1 34. Kg2 Ra2 35. Rb3 Kf6 36. Rb6+ Kg7 37. Rg6+ Kh7 38. Ra6 g4 39. Ra7+
Kh8 40. Ra4 Kh7 41. Rxg4 Rxa3 42. Rb4 Ra5 43. g4 Rc5 44. f3 Rc1 45. Kg3 Rc5 46.
Kf4 Kg7 47. Rb7+ Kg8 48. Rb6 Kg7 49. Rg6+ Kh7 50. Re6 Kg7 51. Re7+ Kg8 52. Re5
Rc3 53. Ke4 Kg7 54. f4 Rc7 55. Re6 Rc4+ 56. Kf5 Rc5+ 57. Re5 Rc7 58. g5 Rf7+
59. Kg4 hxg5 60. fxg5 Rf1 61. Re7+ Kf8 62. Ra7 Kg8 63. h6 1-0

[Event "FIDE Open World Blitz 2021"]
[Site "Warsaw"]
[Date "2021.12.29"]
[Round "7.39"]
[White "Firouzja, Alireza"]
[Black "Postny, Evgeny"]
[Result "1-0"]
[WhiteElo "2770"]
[BlackElo "2557"]
[Annotator "ChessBase"]
[PlyCount "83"]
[EventDate "2021.12.29"]
[EventType "swiss"]
[EventCountry "POL"]
[Tiebreak "Cut1 Buchholz"]
[SourceTitle "playchess.com"]
[Source "ChessBase"]
[SourceQuality "1"]

1. e4 e5 2. Nf3 Nc6 3. Bb5 a6 4. Ba4 Nf6 5. O-O Be7 6. Re1 b5 7. Bb3 d6 8. c3
Na5 9. Bc2 c5 10. d4 Qc7 11. Nbd2 cxd4 12. cxd4 Bg4 13. h3 Bh5 14. d5 Nb7 15.
g4 Bg6 16. Nf1 Rc8 17. Re2 Nd7 18. Ng3 a5 19. Be3 Qd8 20. a3 O-O 21. b4 Nb6 22.
Bd3 Nc4 23. Bxc4 Rxc4 24. Rc1 axb4 25. Rxc4 bxc4 26. axb4 Qa8 27. Qc1 Rc8 28.
Rc2 Qa6 29. Nd2 Bh4 30. Nf5 Bxf5 31. gxf5 g6 32. Rxc4 Rxc4 33. Qxc4 Qa1+ 34.
Kg2 Qd1 35. Nf3 Bf6 36. Qc8+ Nd8 37. Bg5 Bxg5 38. Nxg5 Kg7 39. Qxd8 Qd2 40. f6+
Kh6 41. Nxf7+ Kh5 42. Qd7 1-0

[Event "FIDE Open World Blitz 2021"]
[Site "Warsaw"]
[Date "2021.12.29"]
[Round "7.40"]
[White "Tazbir, Marcin"]
[Black "Ghaem Maghami, Ehsan"]
[Result "1-0"]
[WhiteElo "2508"]
[BlackElo "2520"]
[Annotator "ChessBase"]
[PlyCount "67"]
[EventDate "2021.12.29"]
[EventType "swiss"]
[EventCountry "POL"]
[Tiebreak "Cut1 Buchholz"]
[SourceTitle "playchess.com"]
[Source "ChessBase"]
[SourceQuality "1"]

1. c4 Nf6 2. g3 c6 3. Bg2 d5 4. Qc2 e5 5. d3 h6 6. Nf3 Bd6 7. O-O O-O 8. b3 Re8
9. Bb2 Bg4 10. h3 Bf5 11. Nc3 e4 12. Nd4 Bg6 13. Rad1 exd3 14. exd3 Na6 15.
cxd5 Nb4 16. Qb1 Nbxd5 17. Ne4 Be5 18. Rfe1 Qb6 19. Nc2 Bxb2 20. Qxb2 Rad8 21.
b4 Nxe4 22. dxe4 Nf6 23. Rxd8 Qxd8 24. Qc3 Nxe4 25. Qd4 Qxd4 26. Nxd4 Kf8 27.
Rc1 Rd8 28. Nb3 Rd6 29. Na5 Rd7 30. a3 Nd6 31. Rd1 Ke8 32. Nxb7 Ne4 33. Rxd7
Kxd7 34. Bxe4 1-0

[Event "FIDE Open World Blitz 2021"]
[Site "Warsaw"]
[Date "2021.12.29"]
[Round "7.41"]
[White "Donchenko, Alexander"]
[Black "Anton Guijarro, David"]
[Result "1-0"]
[WhiteElo "2645"]
[BlackElo "2669"]
[Annotator "ChessBase"]
[PlyCount "117"]
[EventDate "2021.12.29"]
[EventType "swiss"]
[EventCountry "POL"]
[Tiebreak "Cut1 Buchholz"]
[SourceTitle "playchess.com"]
[Source "ChessBase"]
[SourceQuality "1"]

1. Nf3 d5 2. g3 g6 3. c4 dxc4 4. Na3 Bg7 5. Nxc4 Nc6 6. Bg2 e5 7. d3 Nge7 8. h4
h6 9. Bd2 a5 10. Bc3 f6 11. O-O Be6 12. b3 Qd7 13. Qc2 Nd5 14. Bb2 Ndb4 15. Qb1
O-O 16. a3 Nd5 17. Rd1 b5 18. Ncd2 f5 19. Qc2 Rac8 20. Rac1 Nd4 21. Nxd4 exd4
22. Qc5 Nc3 23. Bxc3 dxc3 24. Rxc3 Bxc3 25. Qxc3 Bd5 26. Nf3 c5 27. Ne5 Qe6 28.
Bxd5 Qxd5 29. Nxg6 Rfe8 30. Qh8+ Kf7 31. Qh7+ Kf6 32. Nf4 Qf7 33. Qxh6+ Ke7 34.
d4 Red8 35. d5 Rd6 36. Ne6 c4 37. bxc4 bxc4 38. Qg5+ Qf6 39. Qe3 c3 40. Rc1 Kf7
41. Qa7+ Kg6 42. Nf4+ Kh6 43. Qxa5 c2 44. Qd2 Qc3 45. Qxc3 Rxc3 46. Kf1 Rb6 47.
Ke1 Rb2 48. Kd2 Rxa3 49. Rxc2 Rxc2+ 50. Kxc2 Kg7 51. Kd2 Kf6 52. e3 Ke5 53. Ke2
Ke4 54. f3+ Ke5 55. h5 Ra2+ 56. Kf1 Ra3 57. h6 Ra6 58. h7 Rh6 59. h8=Q+ 1-0

[Event "FIDE Open World Blitz 2021"]
[Site "Warsaw"]
[Date "2021.12.29"]
[Round "7.42"]
[White "Moroni, Luca Jr"]
[Black "Fridman, Daniel"]
[Result "1-0"]
[WhiteElo "2580"]
[BlackElo "2626"]
[Annotator "ChessBase"]
[PlyCount "203"]
[EventDate "2021.12.29"]
[EventType "swiss"]
[EventCountry "POL"]
[Tiebreak "Cut1 Buchholz"]
[SourceTitle "playchess.com"]
[Source "ChessBase"]
[SourceQuality "1"]

1. c4 e6 2. Nc3 d5 3. d4 c5 4. cxd5 exd5 5. Nf3 Nc6 6. g3 Nf6 7. Bg2 cxd4 8.
Nxd4 Bc5 9. Nb3 Bb6 10. O-O d4 11. Na4 O-O 12. Bg5 Re8 13. Nxb6 axb6 14. e3 d3
15. Bxf6 gxf6 16. a3 Bf5 17. Rc1 Qd7 18. Qf3 Ra4 19. Nd2 Kg7 20. Qd5 Re5 21.
Qxd7 Bxd7 22. Rc3 Bg4 23. Bf3 Bxf3 24. Nxf3 Rd5 25. Rd1 b5 26. Rdxd3 Rxd3 27.
Rxd3 b4 28. axb4 Rxb4 29. b3 Ne5 30. Nxe5 fxe5 31. Kf1 Kf6 32. Rc3 Kf5 33. f3
e4 34. f4 Rb5 35. h3 Ke6 36. g4 h5 37. Kf2 h4 38. Rc4 f5 39. b4 Rb6 40. gxf5+
Kxf5 41. Rc5+ Kf6 42. b5 Rd6 43. Rh5 Rd2+ 44. Ke1 Rb2 45. Rxh4 Rxb5 46. Rh6+
Kf7 47. Kd2 Rd5+ 48. Ke2 b5 49. Rc6 Rh5 50. Rb6 Ke7 51. Kf2 Kd7 52. Kg3 Kc7 53.
Re6 b4 54. Rxe4 Rb5 55. Rc4+ Kd6 56. Rc2 b3 57. Rb2 Kd5 58. Kf3 Kc4 59. e4 Kc3
60. Rb1 Kc2 61. Rf1 b2 62. e5 Rd5 63. e6 Rd3+ 64. Kg4 Rd1 65. Rxd1 Kxd1 66. e7
b1=Q 67. e8=Q Qd3 68. Qe6 Qf1 69. Qd5+ Kc2 70. Qe4+ Kd2 71. f5 Qg1+ 72. Kh5 Qg7
73. Qf4+ Kd3 74. f6 Qh7+ 75. Kg4 Qg6+ 76. Kf3 Qh5+ 77. Qg4 Qd5+ 78. Kf2 Qc5+
79. Kg2 Qc2+ 80. Kg3 Qc7+ 81. Qf4 Qf7 82. Qf5+ Kd4 83. h4 Qb3+ 84. Kg4 Qg8+ 85.
Qg5 Qe6+ 86. Kg3 Qe1+ 87. Kf3 Qf1+ 88. Kg4 Qe2+ 89. Kg3 Qe1+ 90. Kf3 Qe4+ 91.
Kf2 Qc2+ 92. Kg3 Qd3+ 93. Kh2 Qe2+ 94. Kg1 Qe1+ 95. Kg2 Qe2+ 96. Kg3 Qe1+ 97.
Kg4 Qe2+ 98. Kh3 Qf3+ 99. Kh2 Qf2+ 100. Kh1 Qf3+ 101. Qg2 Qxf6 102. Qb2+ 1-0

[Event "FIDE Open World Blitz 2021"]
[Site "Warsaw"]
[Date "2021.12.29"]
[Round "7.43"]
[White "Karjakin, Sergey"]
[Black "Riazantsev, Alexander"]
[Result "1/2-1/2"]
[WhiteElo "2743"]
[BlackElo "2634"]
[Annotator "ChessBase"]
[PlyCount "105"]
[EventDate "2021.12.29"]
[EventType "swiss"]
[EventCountry "POL"]
[Tiebreak "Cut1 Buchholz"]
[SourceTitle "playchess.com"]
[Source "ChessBase"]
[SourceQuality "1"]

1. e4 c5 2. Nf3 d6 3. Bb5+ Bd7 4. c4 a6 5. Bxd7+ Nxd7 6. Nc3 Ngf6 7. O-O e6 8.
b3 Be7 9. d4 cxd4 10. Nxd4 O-O 11. Be3 Qc7 12. Rc1 Rac8 13. f3 Rfd8 14. Qd2 Qb8
15. Rfd1 h6 16. h3 Ne5 17. Qf2 Nc6 18. Nde2 b5 19. cxb5 axb5 20. Nf4 b4 21. Na4
Qb5 22. Qe2 Qb7 23. Nb6 Rc7 24. Rc4 g5 25. Nfd5 exd5 26. exd5 Ne5 27. Rxb4 Qa7
28. a4 Nh5 29. Nc4 Qa6 30. Rb6 Qc8 31. Nxe5 dxe5 32. Rxh6 Ng7 33. Rc6 Rxc6 34.
dxc6 Rxd1+ 35. Qxd1 Qxc6 36. Qd3 Ne6 37. Kh2 Bd6 38. Qe4 Qxe4 39. fxe4 Bc5 40.
Bd2 Kf8 41. Kg3 f6 42. Kg4 Ke7 43. b4 Bf2 44. g3 Kf7 45. a5 Nc7 46. h4 gxh4 47.
gxh4 Nb5 48. h5 Nd6 49. Kf3 Bg1 50. Bc1 Kg7 51. Bd2 Kf7 52. Bc1 Kg7 53. Bd2
1/2-1/2

[Event "FIDE Open World Blitz 2021"]
[Site "Warsaw"]
[Date "2021.12.29"]
[Round "7.44"]
[White "Murzin, Volodar"]
[Black "Onyshchuk, Volodymyr"]
[Result "0-1"]
[WhiteElo "2519"]
[BlackElo "2622"]
[Annotator "ChessBase"]
[PlyCount "134"]
[EventDate "2021.12.29"]
[EventType "swiss"]
[EventCountry "POL"]
[Tiebreak "Cut1 Buchholz"]
[SourceTitle "playchess.com"]
[Source "ChessBase"]
[SourceQuality "1"]

1. e4 d6 2. d4 g6 3. Nf3 Nf6 4. Nbd2 Bg7 5. c3 O-O 6. Bc4 Nc6 7. O-O e5 8. dxe5
Nxe5 9. Nxe5 dxe5 10. Qe2 a5 11. Nf3 Qe7 12. a4 h6 13. b3 Rd8 14. Ba3 Qe8 15.
Rfe1 Nh5 16. g3 Bg4 17. Rad1 Rxd1 18. Rxd1 Rd8 19. Kg2 Rxd1 20. Qxd1 Nf6 21.
Qd3 Bd7 22. Nd2 b6 23. Nf1 Bc6 24. f3 Bf8 25. Bc1 Kg7 26. Ne3 Bc5 27. Qd2 Kg8
28. Nd5 Bxd5 29. Bxd5 Bf8 30. Bc4 Qe7 31. Qd3 Kg7 32. Qd2 g5 33. h3 Ne8 34. Qd5
Nf6 35. Qd3 Qd6 36. Qe2 Be7 37. Be3 Nd7 38. Bd5 f5 39. Bc4 f4 40. Bf2 fxg3 41.
Bxg3 Nf6 42. Qd3 Qxd3 43. Bxd3 Bd6 44. Kf2 Nh5 45. Bh2 Kf6 46. Bb5 Ba3 47. Be8
Ng7 48. Bd7 Bb2 49. c4 Bd4+ 50. Ke2 Ke7 51. Bg4 h5 52. Bc8 h4 53. Bg4 Kd6 54.
Kd3 Kc5 55. Bd7 Nh5 56. Bg4 Nf6 57. Bf5 Ne8 58. Bg4 Nd6 59. Be6 Kb4 60. f4 gxf4
61. Bxf4 Nb7 62. Bd2+ Kxb3 63. c5+ Kxa4 64. cxb6 Nc5+ 65. Kc4 Nxe6 66. b7 Ba7
67. Kd5 Nd8 0-1